00489nam a22001577a 450000500170000001000150001702000260003203500140005803700130007208200080008510000200009324500380011326000330015127001260018430000210031020220620110359.0 aENG-133264 a9788183821865c150.00 aEN-116796 bDBAD/PUB a485 aKhan, Faizullah aFrench Made Easy/cFaizullah Khan aNew DelhibLotus Pressc2012 aUnit No. 220, 2nd Floor, 4735/22, Prakash Deep Building, Ansari Road, Darya GanjbNew Delhie110002mlotus_press@sify.com a155p.c22cm(pbk)